Statistics for 50+ Famous Movie Characters by Picture

Click here to take the quiz!

General Stats

  • This quiz has been taken 95 times
  • The average score is 43 of 64

Answer Stats

Answer% Correct
Shrek
98%
Darth Vader
96%
Joker
96%
Winnie the Pooh
96%
Yoda
96%
E.T.
95%
Harry Potter
95%
Indiana Jones
95%
Thor
93%
Forrest Gump
92%
Aquaman
90%
Cinderella
90%
Rocky Balboa
89%
Deadpool
88%
Buzz Lightyear
87%
Elsa
86%
Olaf
86%
Ariel
84%
Willy Wonka
84%
Mary Poppins
83%
Peter Pan
83%
Princess Leia
81%
The Terminator
80%
Woody
80%
Bumblebee
77%
Han Solo
77%
Spider-Man
77%
Harley Quinn
76%
Jasmine
73%
John Wick
72%
Luke Skywalker
72%
Venom
72%
Grumpy
71%
James Bond
70%
Marty McFly
70%
Spock
70%
Gandalf
69%
Wednesday Addams
69%
Ron Weasley
65%
Ace Ventura
64%
Bilbo Baggins
64%
Neo
64%
Katniss Everdeen
59%
Hermione Granger
58%
Gaston
54%
Ferris Bueller
53%
Baymax
52%
RoboCop
52%
Mater
51%
Coraline
49%
Django
48%
Pinocchio
48%
Edward Cullen
45%
Happy Gilmore
37%
Kevin McCallister
37%
Vito Corleone
34%
Dorothy Gale
33%
Ethan Hunt
27%
John McClane
25%
Derek Zoolander
23%
Lex Luthor
19%
Daniel LaRusso
17%
Ian Malcolm
13%
George Bailey
11%

Score Distribution

Percentile by Number Answered

Percent of People with Each Score

Your Score History

You have not taken this quiz